Statistics for Marvel Civil War (Comic)

Click here to take the quiz!

General Stats

  • This quiz has been taken 30 times
    (4 since last reset)
  • The average score is 21 of 29

Answer Stats

QuestionAnswer% Correct
Who did Luke Cage side with?Captain America/Anti-Government Registration
100%
Who did Cloak and Dagger side with?Captain America/Anti-Government Registration
100%
Who did Wolverine side with?Captain America/Anti-Government Registration
100%
Who did Hercules side with?Captain America/Anti-Government Registration
100%
Who did Mr Fantastic side with?Iron Man/Pro-Government Registration
100%
Who did Songbird side with?Iron Man/Pro-Government Registration
100%
Who did Falcon side with?Captain America/Anti-Government Registration
75%
Who did Invisible Woman side with?Captain America/Anti-Government Registration
75%
Who did the Punisher side with?Captain America/Anti-Government Registration
75%
Who did Ghost Rider side with?Captain America/Anti-Government Registration
75%
Who did Nick Fury side with?Captain America/Anti-Government Registration
75%
Who did Daredevil side with?Captain America/Anti-Government Registration
75%
Who did Venom side with?Iron Man/Pro-Government Registration
75%
Who did Tigra side with?Iron Man/Pro-Government Registration
75%
Who did Stature (Cassie Lang) side with?Iron Man/Pro-Government Registration
75%
Who did She Hulk side with?Iron Man/Pro-Government Registration
75%
Who did Deadpool side with?Iron Man/Pro-Government Registration
75%
Who did the Wasp side with?Iron Man/Pro-Government Registration
75%
Who did Green Goblin side with?Iron Man/Pro-Government Registration
75%
Who did Ms Marvel (Carol Danvers) side with?Iron Man/Pro-Government Registration
75%
Who did Wiccan side with?Captain America/Anti-Government Registration
50%
Who did Black Panther side with?Captain America/Anti-Government Registration
50%
Who did Namor side with?Captain America/Anti-Government Registration
50%
Who did Sentry side with?Iron Man/Pro-Government Registration
50%
Who did Bishop side with?Iron Man/Pro-Government Registration
50%
Who did Nighthawk side with?Iron Man/Pro-Government Registration
50%
Who did Black Widow side with?Iron Man/Pro-Government Registration
50%
Who did Wonder Man side with?Iron Man/Pro-Government Registration
50%
Who did Spider-Man side with?Captain America/Anti-Government Registration
25%

Score Distribution

Percentile by Number Answered

Percent of People with Each Score

Your Score History

You have not taken this quiz since the last reset